| 000 | 01472nam a2200265Ia 4500 | ||
|---|---|---|---|
| 005 | 20250329173538.0 | ||
| 008 | 200810s2014 xx 000 0 spa d | ||
| 020 | _a9789588359397 | ||
| 040 |
_aCO-CtgCURN _bspa _ccoctgcurn |
||
| 082 |
_a361.3 _bF194 |
||
| 100 |
_aFalla Ramírez, Uva _eautora |
||
| 245 | 0 |
_aLa investigación en el trabajo social contemporáneo _h[electronic resource] / _cUva Falla Ramírez |
|
| 260 |
_aBogotá; _bUniversidad Colegio Mayor de Cundinamarca, _c2014 |
||
| 300 | _arecurso en línea (160 páginas) : | ||
| 336 |
_atexto _btxt |
||
| 337 |
_acomputador _bc |
||
| 338 |
_arecurso en línea _bcr |
||
| 504 | _aIncluye referencias bibliográficas | ||
| 505 | _aEl debate: la investigación vs. La praxis investigativa en el contexto del trabajo social -- Desaprender para aprehender: aportes de la intervención a la investigación en trabajo social -- Estilos de investigación en trabajo social -- Tendencias de la investigación: incidencia en la formación y en la práctica del trabajo social -- Tendencias contemporáneas en el trabajo social --- Perspectivas y retos para la investigación en trabajo social | ||
| 590 | _aPrograma de Trabajo Social_26 | ||
| 650 | _aTrabajo social | ||
| 856 |
_uhttps://unicurn.sharepoint.com/:b:/s/biblioteca/EXZWimaZUC9Ap-vmt6EHG1UBL_7BKaFwQFEmLGo_yhTeog?e=dc4Oll _zVea este libro electrónico |
||
| 942 |
_cCF _h361.3 _iF194 |
||
| 999 |
_c7852 _d7852 |
||